Bharatiya sahitya charitre.Samp 3 Bhaga 2 (Record no. 85247)
[ view plain ]
| 000 -LEADER | |
|---|---|
| fixed length control field | 00688nam a2200193Ia 4500 |
| 003 - CONTROL NUMBER IDENTIFIER | |
| control field | OSt |
| 005 - DATE AND TIME OF LATEST TRANSACTION | |
| control field | 20240814110630.0 |
| 008 - FIXED-LENGTH DATA ELEMENTS--GENERAL INFORMATION | |
| fixed length control field | 210210b1974 xxu||||| |||| 00| 0 eng d |
| 040 ## - CATALOGING SOURCE | |
| Original cataloging agency | AL |
| Transcribing agency | |
| 082 ## - DEWEY DECIMAL CLASSIFICATION NUMBER | |
| Classification number | 809.88914K WINB |
| 100 ## - MAIN ENTRY--PERSONAL NAME | |
| Personal name | WINTER NITZ (Mauric). |
| 9 (RLIN) | 31878 |
| Dates associated with a name | ವಿಂಟರ್ ನಿಟ್ಜ್ (ಮೌರಿಕ್) |
| 245 ## - TITLE STATEMENT | |
| Title | Bharatiya sahitya charitre.Samp 3 Bhaga 2 |
| Remainder of title | ಭಾರತೀಯ ಸಾಹಿತ್ಯ ಚರಿತ್ರೆ ಸಂಪುಟ ೩ ಭಾಗ ೨ |
| 260 ## - PUBLICATION, DISTRIBUTION, ETC. | |
| Place of publication, distribution, etc. | Dharavada |
| Name of publisher, distributor, etc. | Kannada Pathyapustaka Nirdeshanalaya |
| Date of publication, distribution, etc. | 1974 |
| 300 ## - PHYSICAL DESCRIPTION | |
| Extent | x,344 |
| 650 ## - SUBJECT ADDED ENTRY--TOPICAL TERM | |
| Topical term or geographic name entry element | Shastrasahitya |
| 9 (RLIN) | 31879 |
| 690 ## - LOCAL SUBJECT ADDED ENTRY--TOPICAL TERM (OCLC, RLIN) | |
| Topical term or geographic name as entry element | Indian Literature |
| 9 (RLIN) | 31880 |
| 906 ## - LOCAL DATA ELEMENT F, LDF (RLIN) | |
| a | 034426 |
| 942 ## - ADDED ENTRY ELEMENTS (KOHA) | |
| Source of classification or shelving scheme | Dewey Decimal Classification |
| Koha item type | Book |
| Withdrawn status | Lost status | Source of classification or shelving scheme | Damaged status | Not for loan | Collection code | Home library | Current library | Shelving location | Date acquired | Cost, normal purchase price | Total Checkouts | Full call number | Barcode | Date last seen | Price effective from | Koha item type |
|---|---|---|---|---|---|---|---|---|---|---|---|---|---|---|---|---|
| Dewey Decimal Classification | Kannada | St Aloysius Library | St Aloysius Library | 02/17/2021 | 25.00 | 809.88914K WINB | 034426 | 02/17/2021 | 02/17/2021 | Book | ||||||
| Dewey Decimal Classification | Kannada | St Aloysius Library | St Aloysius Library | 02/17/2021 | 25.00 | 809.88914K WINB | 035073 | 02/17/2021 | 02/17/2021 | Book | ||||||
| Dewey Decimal Classification | Kannada | St Aloysius Library | St Aloysius Library | 02/17/2021 | 25.00 | 809.88914K WINB | 036172 | 02/17/2021 | 02/17/2021 | Book |